Quran Sharif Ke Matan Ka Tarikhi Mutaleah Aur Muslim Ulema Ki Tehqiqat. (Record no. 1512)

MARC details
000 -LEADER
fixed length control field 00615nam a2200241 a 4500
020 ## - INTERNATIONAL STANDARD BOOK NUMBER
ISBN
082 00 - DEWEY DECIMAL CLASSIFICATION NUMBER
Classification number 297.1221
Author Cutter NAS
100 ## - MAIN ENTRY--AUTHOR NAME
Author name Nasir, K L
245 ## - TITLE STATEMENT
Title Quran Sharif Ke Matan Ka Tarikhi Mutaleah Aur Muslim Ulema Ki Tehqiqat.
260 ## - PUBLICATION, DISTRIBUTION, ETC. (IMPRINT)
Place of publication Gujaranwala
Name of publisher S M Yunus
Year of publication 1963
300 ## - PHYSICAL DESCRIPTION
Number of Pages 83p.
500 ## - GENERAL NOTE
General note includes index and biblioraphy
505 2# - FORMATTED CONTENTS NOTE
Formatted contents note Index
650 ## - SUBJECT ADDED ENTRY--TOPICAL TERM
Topical Term Quran-Evidence-Authority
942 ## - ADDED ENTRY ELEMENTS (KOHA)
Koha item type
700 1# -
-- Nasir, K L
Holdings
Collection code Home library Current library Shelving location Date acquired Cost, normal purchase price Full call number Accession Number Koha item type
Reference Henry Martyn Institute Library Henry Martyn Institute Library Reference 07/30/2007 100.00 297.1221 NAS 03437 Books
                   Copyright © 2026 | Henry Martyn Institute | Hyderabad | TS-500052 | INDIA | Implemented by hmi.edu.in
Hit-Count:

Powered by Koha